000 00313nam a22001217a 4500
008 140122b xxu||||| |||| 00| 0 eng d
050 _aPR3537.H63A3
100 _aShepard, Ernest Howard
_96959
245 _aDrawn from life
260 _aLondon
_bMethuen
_c1961
300 _a217p.
_c21cm
942 _2lcc
_cMONOGRAPH
999 _c119650
_d119650